01199nam a2200193 a 450000100100000000500170001000800410002704000250006808200150009324501820010824601020029026000430039230000350043550001020047095201250057295201720069795201190086999900170098800001458620200929163855.0100115s1932 dr r 000 0 spa d aDO-SdBNPbspacBNPHU axxxxbxxxx03aLa obra de un renovador :bconferencias y disertaciones dictadas por varios distinguidos intelectuales, en la estación radiodifusora H. I. X. de Sto. Domingo, Rep. dominicana.14aGobierno del general Rafael Leonidas Trujillo Molina hon. presidente de la República Dominicana aSanto Domingo, :bLa Opinión,c1932. a182 p. :bil., retr. ;c23 cm. agobierno del general Rafael Leonidas Trujillo Molina hon. presidente de la República Dominicana 001054708RVaGRbGRcCTd2011-06-15iLF1l0oxxxx xxxxp14586-30r2020-06-25te. 3w2020-06-25y4ZPréstamo en sala 001050718RVaPDbPDcHDd2010-01-15iLF1l0oxxxx xxxxp14586-10r2020-06-25w2020-06-25y1zPerteneció a la biblioteca personal de Martínez Boog.ZNo se presta 001050718RVaPDbPDcCTd2011-04-18iLF1l0oxxxx xxxxp14586-20r2020-06-25te. 2w2020-06-25y1ZNo se presta c14172d14172